Madagascar Country Quiz - Statistics

General Stats
  • This quiz has been taken 26,468 times
    26,435 since last reset
  • The average score is 11 of 17
Answer Stats
Hint Answer % Correct
Closest mainland African country Mozambique
92%
Islands which are larger than Madagascar Greenland
90%
Official language French
89%
Island nation between Madagascar and the above Comoros
87%
Surprisingly, the original settlers of Madagascar didn't come from Africa, but instead sailed from this Southeast Asian country Indonesia
85%
Family of primates found only on Madagascar {Lemur}s
84%
Capital city Antananarivo
82%
Madagascar's top export - a key ingredient in some ice cream Vanilla
71%
Islands which are larger than Madagascar Borneo
66%
Famous trees with thick trunks {Baobab}s
54%
Madagascar is responsible for 50% of the world production of these blue stones {Sapphire}s
54%
Islands which are larger than Madagascar New Guinea
52%
90% of Madagascar's plant and animal species are _____ , meaning that they can be found nowhere else Endemic
48%
Official language Malagasy
47%
The name "Madagascar" was possibly invented by this 13th century Italian explorer, who confused the island with the city of Mogadishu Marco Polo
47%
National sport of Madagascar Rugby Union
31%
Gigantic bird that weighed five times as much as an ostrich (driven to extinction by 1200 AD) {Elephant} Bird
26%
No matching quizzes found
Score Distribution
Percent of People with Each Score
Percentile by Number Answered
Your Score History
You have not taken this quiz since the last reset